[Event "European Rapid Championship 2021"]
[Site "Katowice"]
[Date "2021.12.18"]
[Round "2.6"]
[White "Bjerre, Jonas Buhl"]
[Black "Tarczykowski, Janusz"]
[Result "1-0"]
[WhiteElo "2330"]
[BlackElo "1871"]
[Annotator "ChessBase"]
[PlyCount "137"]
[EventDate "2021.12.18"]
[EventType "swiss"]
[EventCountry "POL"]
[SourceTitle "playchess.com"]
[Source "ChessBase"]
[SourceQuality "1"]
[TimeControl "900+10"]

1. e4 {[%emt 0:00:01]} Nf6 {[%emt 0:00:03]} 2. e5 {[%emt 0:00:02]} Nd5 {
[%emt 0:00:01]} 3. d4 {[%emt 0:00:01]} d6 {[%emt 0:00:01]} 4. Nf3 {[%emt 0:00:
02]} dxe5 {[%emt 0:00:01]} 5. Nxe5 {[%emt 0:00:03]} c6 {[%emt 0:00:02]} 6. Bd3
{[%emt 0:00:05]} Nd7 {[%emt 0:00:34]} 7. Nf3 {[%emt 0:00:02]} g6 {[%emt 0:01:
43]} 8. O-O {[%emt 0:00:04]} Bg7 {[%emt 0:00:02]} 9. Re1 {[%emt 0:00:06]} O-O {
[%emt 0:00:05]} 10. a3 {[%emt 0:00:10]} b5 {[%emt 0:02:27]} 11. a4 {[%emt 0:00:
46]} b4 {[%emt 0:00:34]} 12. a5 {[%emt 0:00:07]} c5 {[%emt 0:01:03]} 13. Bc4 {
[%emt 0:00:59]} e6 {[%emt 0:00:33]} 14. Bg5 {[%emt 0:00:18]} Qc7 {[%emt 0:00:
10]} 15. Bxd5 {[%emt 0:00:14]} exd5 {[%emt 0:00:03]} 16. Be7 {[%emt 0:00:08]}
Re8 {[%emt 0:01:17]} 17. dxc5 {[%emt 0:00:15]} Ne5 {[%emt 0:02:11]} 18. Nxe5 {
[%emt 0:00:39]} Rxe7 {[%emt 0:00:27]} 19. Nd3 {[%emt 0:00:09]} Bf5 {[%emt 0:01:
18]} 20. Rxe7 {[%emt 0:01:28]} Qxe7 {[%emt 0:00:01]} 21. Nxb4 {[%emt 0:00:12]}
Qxc5 {[%emt 0:00:51]} 22. Qxd5 {[%emt 0:00:47]} Re8 {[%emt 0:00:06]} 23. Qd2 {
[%emt 0:01:03]} Bxb2 {[%emt 0:02:23]} 24. Ra4 {[%emt 0:01:45]} Bd4 {[%emt 0:00:
15]} 25. g4 {[%emt 0:01:18]} Bxg4 {[%emt 0:01:47]} 26. Nd3 {[%emt 0:00:54]} Qb5
{[%emt 0:00:39]} 27. Rb4 {[%emt 0:00:29]} Qd7 {[%emt 0:00:17]} 28. Qf4 {
[%emt 0:00:15]} Bh3 {[%emt 0:00:39]} 29. Rxd4 {[%emt 0:01:12]} Qb7 {[%emt 0:00:
01]} 30. f3 {[%emt 0:00:35]} Qxb1+ {[%emt 0:00:01]} 31. Kf2 {[%emt 0:00:02]}
Qf1+ {[%emt 0:00:04]} 32. Kg3 {[%emt 0:00:01]} Qg2+ {[%emt 0:00:23]} 33. Kh4 {
[%emt 0:00:01]} Bf5 {[%emt 0:00:12]} 34. Qg3 {[%emt 0:00:13]} Qe2 {[%emt 0:00:
08]} 35. Qf4 {[%emt 0:02:21]} f6 {[%emt 0:00:20]} 36. Kg3 {[%emt 0:00:10]} Bxd3
{[%emt 0:00:09]} 37. cxd3 {[%emt 0:00:13]} Qe1+ {[%emt 0:00:01]} 38. Kh3 {
[%emt 0:00:08]} Qf1+ {[%emt 0:00:04]} 39. Kg3 {[%emt 0:00:01]} Qg1+ {[%emt 0:
00:07]} 40. Kh3 {[%emt 0:00:02]} g5 {[%emt 0:00:15]} 41. Qg4 {[%emt 0:01:40]}
Qf1+ {[%emt 0:00:16]} 42. Qg2 {[%emt 0:00:00]} Qe1 {[%emt 0:00:13]} 43. Qa2+ {
[%emt 0:00:26]} Kh8 {[%emt 0:00:09]} 44. Re4 {[%emt 0:00:35]} Rxe4 {[%emt 0:00:
18]} 45. dxe4 {[%emt 0:00:01]} Qh4+ {[%emt 0:00:04]} 46. Kg2 {[%emt 0:00:01]}
Qf4 {[%emt 0:00:05]} 47. Qf7 {[%emt 0:00:20]} Qd2+ {[%emt 0:00:01]} 48. Kh3 {
[%emt 0:00:02]} Qd6 {[%emt 0:00:03]} 49. Qxa7 {[%emt 0:00:28]} h5 {[%emt 0:00:
18]} 50. Qe3 {[%emt 0:00:18]} Qd7+ {[%emt 0:00:16]} 51. Kg2 {[%emt 0:00:07]} h4
{[%emt 0:00:05]} 52. Qc3 {[%emt 0:00:22]} Qd6 {[%emt 0:00:10]} 53. Qb2 {
[%emt 0:00:19]} Qa6 {[%emt 0:00:04]} 54. Qd2 {[%emt 0:00:15]} Kg7 {[%emt 0:00:
11]} 55. e5 {[%emt 0:00:05]} Kg6 {[%emt 0:00:08]} 56. Qc2+ {[%emt 0:00:18]} f5
{[%emt 0:00:02]} 57. Qd2 {[%emt 0:00:04]} Kh5 {[%emt 0:00:07]} 58. h3 {[%emt 0:
00:22]} Qb5 {[%emt 0:00:06]} 59. Qe1 {[%emt 0:00:11]} Qb2+ {[%emt 0:00:05]} 60.
Kh1 {[%emt 0:00:04]} Qa3 {[%emt 0:00:07]} 61. Qe2 {[%emt 0:00:47]} Qxa5 {
[%emt 0:00:10]} 62. e6 {[%emt 0:00:01]} Qa1+ {[%emt 0:00:08]} 63. Kg2 {[%emt 0:
00:03]} Qa8 {[%emt 0:00:19]} 64. e7 {[%emt 0:00:01]} Qe8 {[%emt 0:00:01]} 65.
Qe6 {[%emt 0:00:02]} f4 {[%emt 0:00:11]} 66. Kh2 {[%emt 0:00:17]} g4 {[%emt 0:
00:06]} 67. Qf5+ {[%emt 0:00:08]} Kh6 {[%emt 0:00:03]} 68. Qf8+ {[%emt 0:00:01]
} Kh7 {[%emt 0:00:15]} 69. Qxe8 {[%emt 0:00:03]} 1-0

[Event "European Rapid Championship 2021"]
[Site "Katowice"]
[Date "2021.12.18"]
[Round "2.7"]
[White "Dwilewicz, Katarzyna"]
[Black "Laurusas, Tomas"]
[Result "0-1"]
[WhiteElo "1981"]
[BlackElo "2553"]
[Annotator "TA"]
[PlyCount "120"]
[EventDate "2021.12.18"]
[EventType "swiss"]
[EventCountry "POL"]
[SourceTitle "playchess.com"]
[Source "ChessBase"]
[SourceQuality "1"]

{[%evp 11,120,0,7,-1,6,16,49,45,50,43,83,75,83,69,81,71,87,45,45,0,16,11,9,0,
11,19,18,-70,-68,-125,-103,-108,-96,-110,-114,-132,-125,-131,-114,-120,-127,
-135,-124,-180,-187,-164,-185,-191,-193,-195,-178,-178,-171,-155,-152,-179,
-134,-146,-142,-198,-198,-929,-856,-474,-475,-7320,-6197,-6053,-5894,-5182,
-4812,-29984,-29985,-29985,-29986,-29986,-29987,-29987,-29984,-29984,-29984,
-29985,-29986,-29987,-29988,-29989,-29985,-29988,-29986,-29987,-29987,-29987,
-29987,-29987,-29987,-29987,-29987,-29987,-29984,-29984,-29985,-29985,-29986,
-29986,-29986,-29986,-29987,-29987,-29988,-29991,-29992]} 1. e4 {Moradiabadi,E}
c5 2. Nf3 d6 3. d4 cxd4 4. Nxd4 Nf6 5. Nc3 a6 6. a4 Nc6 7. a5 {B90: Sicilian
Najdorf: Unusual White 6th moves, 6 Be3 Ng4 and 6 Be3 e5.} Nxa5 8. Nd5 e6 9.
Nxf6+ {White is slightly better.} gxf6 {[#]} 10. Qh5 $146 ({Predecessor:} 10.
Bd2 Nc6 11. Nxc6 bxc6 12. Bd3 h5 13. O-O d5 14. Ba5 Qd6 15. Bc3 Be7 16. Ra4 {
1-0 (43) Kamsky,G (2673)-Salem,A (2615) Moscow 2016 CBM 171 [Moradiabadi,E]})
10... Nc6 11. Nxc6 bxc6 12. Bd3 d5 13. O-O Bb7 14. exd5 (14. Bf4 $16) 14...
Qxd5 $14 15. Qe2 {Black must now prevent Rd1.} c5 {[%csl Gb7][%cal Rd5g2] [#]}
16. f3 $1 Bd6 $1 17. Bxa6 Bxh2+ 18. Kxh2 ({But not} 18. Kh1 $2 Bg3 19. f4 Rxa6
$19) 18... Qd6+ 19. Bf4 Qxf4+ $15 20. Kh1 (20. g3 $15 Qh6+ 21. Kg2 Bxa6 22.
Rxa6) 20... Bxa6 21. Rxa6 O-O {[%cal Bh8f8,Bf8a8,Ba8a2][%mdl 32] Hoping for ...
Rxa6.} 22. Rxa8 Rxa8 $17 {[%mdl 4096] Endgame KQR-KQR} 23. Rd1 Kg7 24. g3 Qf5 (
24... Qxg3 $2 25. Rg1 Qxg1+ 26. Kxg1 $18) 25. Kg2 Ra2 26. c3 Qe5 27. Qd2 (27.
Rd2 $17) 27... Qb8 $19 28. Rb1 c4 29. Qe2 Qb3 {[%cal Ob3c3] ...Qxc3! is the
strong threat.} 30. Kf2 h5 31. f4 Qb6+ 32. Kg2 Qc6+ 33. Kf2 Qc5+ (33... Qd5 $19
34. Kg1 Qf5) 34. Kg2 $17 Qd5+ 35. Kf2 (35. Kh2 $17 {might work better.}) 35...
Kg6 $19 36. Rd1 $2 {[#]} (36. Kg1) 36... Rxb2 $3 {[%mdl 512]} 37. Qxb2 Qxd1 {
KQ-KQ} 38. Qb8 (38. Qa2 $142 Qd3 39. Qa5) 38... Qd2+ 39. Kg1 Qxc3 40. Qg8+ Kf5
{( -> ...Qe1+)} 41. g4+ hxg4 {Black mates.} 42. Qh7+ Kxf4 43. Qh6+ Ke4 44. Qh7+
Kd4 45. Qxf7 Qe3+ 46. Kh1 f5 47. Qa7+ Ke4 48. Qb7+ Kd3 49. Qd7+ Kc3 50. Qg7+
Qd4 51. Qe7 Kc2 52. Qa3 Qd5+ 53. Kg1 c3 54. Qa4+ Kd3 55. Qd1+ Ke4 56. Qe1+ Kd4
57. Qf2+ Kd3 58. Qf1+ Kc2 59. Qe2+ Kb3 60. Kf2 Qd2 {Weighted Error Value:
White=0.62/Black=0.08 (flawless)} 0-1

[Event "European Rapid Championship 2021"]
[Site "Katowice"]
[Date "2021.12.18"]
[Round "2.7"]
[White "Seemann, Jakub"]
[Black "Druckenthaner, Andreas"]
[Result "1/2-1/2"]
[WhiteElo "1862"]
[BlackElo "2291"]
[Annotator "ChessBase"]
[PlyCount "89"]
[EventDate "2021.12.18"]
[EventType "swiss"]
[EventCountry "POL"]
[SourceTitle "playchess.com"]
[Source "ChessBase"]
[SourceQuality "1"]
[TimeControl "900+10"]

1. d4 {[%emt 0:00:01]} f5 {[%emt 0:00:02]} 2. c4 {[%emt 0:00:03]} Nf6 {[%emt 0:
00:01]} 3. Nc3 {[%emt 0:00:03]} e6 {[%emt 0:00:02]} 4. Nf3 {[%emt 0:00:03]} d6
{[%emt 0:00:03]} 5. g3 {[%emt 0:00:15]} g6 {[%emt 0:00:02]} 6. Bg2 {[%emt 0:00:
03]} Bg7 {[%emt 0:00:01]} 7. O-O {[%emt 0:00:03]} O-O {[%emt 0:00:01]} 8. b3 {
[%emt 0:00:02]} Ne4 {[%emt 0:00:06]} 9. Bb2 {[%emt 0:00:09]} Nxc3 {[%emt 0:00:
09]} 10. Bxc3 {[%emt 0:00:02]} Nc6 {[%emt 0:00:01]} 11. Qc2 {[%emt 0:00:18]} e5
{[%emt 0:00:02]} 12. dxe5 {[%emt 0:01:21]} dxe5 {[%emt 0:00:02]} 13. Rad1 {
[%emt 0:00:13]} Qe7 {[%emt 0:00:03]} 14. e4 {[%emt 0:00:08]} f4 {[%emt 0:00:07]
} 15. Rd5 {[%emt 0:00:55]} Be6 {[%emt 0:01:14]} 16. Rb5 {[%emt 0:00:45]} b6 {
[%emt 0:01:32]} 17. Qb2 {[%emt 0:03:09]} a6 {[%emt 0:00:55]} 18. Rd5 {[%emt 0:
00:01]} Bxd5 {[%emt 0:01:30]} 19. exd5 {[%emt 0:00:17]} Nd4 {[%emt 0:01:22]}
20. Nxd4 {[%emt 0:03:52]} exd4 {[%emt 0:00:05]} 21. Bxd4 {[%emt 0:00:01]} Rae8
{[%emt 0:01:23]} 22. Bh3 {[%emt 0:00:16]} Bxd4 {[%emt 0:01:35]} 23. Qxd4 {
[%emt 0:00:01]} Qe5 {[%emt 0:00:27]} 24. Qd2 {[%emt 0:00:13]} Rf6 {[%emt 0:01:
05]} 25. Be6+ {[%emt 0:00:10]} Rfxe6 {[%emt 0:00:55]} 26. dxe6 {[%emt 0:00:02]}
Rxe6 {[%emt 0:00:14]} 27. gxf4 {[%emt 0:01:16]} Qf5 {[%emt 0:01:03]} 28. Qd8+ {
[%emt 0:00:26]} Kg7 {[%emt 0:00:03]} 29. Qxc7+ {[%emt 0:01:48]} Kh6 {[%emt 0:
00:01]} 30. f3 {[%emt 0:01:40]} Re2 {[%emt 0:01:07]} 31. Rf2 {[%emt 0:00:14]}
Qb1+ {[%emt 0:01:17]} 32. Kg2 {[%emt 0:00:02]} Rxf2+ {[%emt 0:00:23]} 33. Kxf2
{[%emt 0:00:01]} Qxa2+ {[%emt 0:00:03]} 34. Kg3 {[%emt 0:00:01]} Qxb3 {[%emt 0:
00:19]} 35. Qe7 {[%emt 0:01:06]} Qc3 {[%emt 0:01:28]} 36. Qf8+ {[%emt 0:00:28]}
Kh5 {[%emt 0:00:30]} 37. Qe7 {[%emt 0:00:03]} Kh6 {[%emt 0:00:01]} 38. Kh4 {
[%emt 0:00:35]} Qb2 {[%emt 0:00:31]} 39. Qf8+ {[%emt 0:00:26]} Qg7 {[%emt 0:00:
02]} 40. Qd6 {[%emt 0:00:45]} Qf7 {[%emt 0:00:58]} 41. Qe5 {[%emt 0:00:31]} Qf5
{[%emt 0:00:19]} 42. Qb8 {[%emt 0:00:05]} g5+ {[%emt 0:00:20]} 43. fxg5+ {
[%emt 0:00:06]} Qxg5+ {[%emt 0:00:02]} 44. Kh3 {[%emt 0:00:01]} Qf5+ {[%emt 0:
00:05]} 45. Kg3 {[%emt 0:00:08]} 1/2-1/2

[Event "European Rapid Championship 2021"]
[Site "Katowice"]
[Date "2021.12.18"]
[Round "2.8"]
[White "Fridman, Daniel"]
[Black "Redzisz, Michal"]
[Result "1-0"]
[WhiteElo "2626"]
[BlackElo "2257"]
[Annotator "TA"]
[PlyCount "57"]
[EventDate "2021.12.18"]
[EventType "swiss"]
[EventCountry "POL"]
[SourceTitle "playchess.com"]
[Source "ChessBase"]
[SourceQuality "1"]

{[%evp 18,57,22,0,35,17,27,22,96,88,149,138,143,142,148,136,200,114,104,104,
191,180,192,172,189,150,164,162,161,140,133,138,167,185,248,246,349,160,242,
241,245,243]} 1. d4 Nf6 2. Nf3 g6 3. g3 Bg7 4. Bg2 d5 5. O-O O-O 6. c4 dxc4 7.
Na3 c3 8. bxc3 {[%cal Bb2c3,Bc3d4,Bd4d5][%mdl 32]} c5 9. Re1 Nc6 10. e4 cxd4 {
is cutting edge theory. D77: Fianchetto Grünfeld: 6 0-0: Replies other than 6.
..c6.} 11. cxd4 Bg4 {[%cal Oc6d4]} 12. Bb2 Qa5 (12... Nd7 $11 {keeps the
balance.}) 13. d5 $16 {[#]} Nb4 $146 (13... Ne5 $142 14. Bxe5 Qxa3) ({
Predecessor:} 13... Ne5 14. Bxe5 Qxa3 15. Re3 Qa5 16. Bc3 Qd8 17. h3 Bxf3 18.
Bxf3 Rc8 19. e5 Bh6 {1-0 (46) Sanchez De Ybargueen Gutierre,L (2243)-Aupi Royo,
J (2351) ICCF email 2016}) 14. Qb3 {aiming for Nc4.} Na6 15. Nc4 ({Much weaker
is} 15. Qxb7 $6 Bxf3 16. Bxf3 Rab8 $14) 15... Qb4 16. Nfe5 Bd7 (16... Qxb3 $16
{was worth a try.} 17. axb3 Bd7) 17. Qxb4 (17. Nd3 $18 Qb5 18. d6 exd6 19. Nxd6
Qxb3 20. axb3) 17... Nxb4 18. Rab1 Bc8 (18... Rfc8 $16) 19. Bc1 Na6 20. Ba3 Re8
21. Na5 Nd7 22. Nxd7 {[%cal Oe4e5] Strongly threatening e5!} Bc3 {[%cal Bg7c3,
Bc3a5,Ba5c7][%mdl 32] [#]} 23. Rec1 $1 Bxa5 24. Ne5 $36 {[%mdl 2048] White is
on the roll. White is much more active. Black has bad knights.} Bc7 {[#]} 25.
Nc4 b6 (25... Rb8 $142 26. d6 exd6) 26. e5 $18 {Black must now prevent d6.} Bb7
{[#]} (26... Rb8 {was called for.} 27. d6 exd6) 27. f4 (27. Na5 $1 $18 {
[%mdl 512] is more deadly.}) 27... Rac8 (27... Bd8 $16 28. Rd1 Rc8) 28. d6 Bxg2
29. Kxg2 {Weighted Error Value: White=0.21 (precise) /Black=0.41} 1-0

[Event "European Rapid Championship 2021"]
[Site "Katowice"]
[Date "2021.12.18"]
[Round "2.8"]
[White "Milanowski, Jan"]
[Black "Szpar, Milosz"]
[Result "0-1"]
[WhiteElo "1858"]
[BlackElo "2315"]
[Annotator "ChessBase"]
[PlyCount "80"]
[EventDate "2021.12.18"]
[EventType "swiss"]
[EventCountry "POL"]
[SourceTitle "playchess.com"]
[Source "ChessBase"]
[SourceQuality "1"]
[TimeControl "900+10"]

1. d4 {[%emt 0:00:02]} Nf6 {[%emt 0:00:04]} 2. Nf3 {[%emt 0:00:05]} g6 {
[%emt 0:00:21]} 3. Bf4 {[%emt 0:00:08]} Bg7 {[%emt 0:00:04]} 4. c3 {[%emt 0:00:
05]} b6 {[%emt 0:00:05]} 5. e3 {[%emt 0:00:02]} Bb7 {[%emt 0:00:02]} 6. h3 {
[%emt 0:00:07]} O-O {[%emt 0:00:05]} 7. Be2 {[%emt 0:00:02]} d6 {[%emt 0:00:05]
} 8. O-O {[%emt 0:00:02]} Nbd7 {[%emt 0:00:05]} 9. Nbd2 {[%emt 0:00:07]} c5 {
[%emt 0:00:16]} 10. Bh2 {[%emt 0:00:16]} Qc7 {[%emt 0:00:16]} 11. a4 {[%emt 0:
00:35]} a6 {[%emt 0:00:09]} 12. Re1 {[%emt 0:00:07]} Bc6 {[%emt 0:00:39]} 13.
Qb3 {[%emt 0:01:20]} Qb7 {[%emt 0:00:28]} 14. Bf1 {[%emt 0:00:46]} b5 {[%emt 0:
01:58]} 15. axb5 {[%emt 0:00:13]} axb5 {[%emt 0:00:03]} 16. Rxa8 {[%emt 0:01:
26]} Rxa8 {[%emt 0:00:40]} 17. Ng5 {[%emt 0:00:29]} c4 {[%emt 0:01:30]} 18. Qc2
{[%emt 0:00:29]} h6 {[%emt 0:00:10]} 19. Ngf3 {[%emt 0:00:08]} Ne4 {[%emt 0:00:
03]} 20. Nxe4 {[%emt 0:00:30]} Bxe4 {[%emt 0:00:06]} 21. Qc1 {[%emt 0:00:25]}
e5 {[%emt 0:02:44]} 22. Nd2 {[%emt 0:00:09]} Bc6 {[%emt 0:00:06]} 23. f3 {
[%emt 0:02:49]} h5 {[%emt 0:00:42]} 24. Qc2 {[%emt 0:02:09]} Ra2 {[%emt 0:01:
27]} 25. f4 {[%emt 0:01:47]} f5 {[%emt 0:03:13]} 26. fxe5 {[%emt 0:01:27]} dxe5
{[%emt 0:00:05]} 27. Nxc4 {[%emt 0:00:12]} bxc4 {[%emt 0:00:14]} 28. Bxc4+ {
[%emt 0:00:01]} Bd5 {[%emt 0:00:02]} 29. Bxa2 {[%emt 0:00:02]} Bxa2 {[%emt 0:
00:01]} 30. Ra1 {[%emt 0:00:29]} Bd5 {[%emt 0:00:24]} 31. Qe2 {[%emt 0:00:26]}
Be4 {[%emt 0:00:58]} 32. Bg3 {[%emt 0:00:20]} Kh7 {[%emt 0:00:22]} 33. b4 {
[%emt 0:00:33]} f4 {[%emt 0:00:20]} 34. Be1 {[%emt 0:01:07]} fxe3 {[%emt 0:00:
11]} 35. Qxe3 {[%emt 0:00:03]} exd4 {[%emt 0:00:30]} 36. cxd4 {[%emt 0:00:08]}
Bxg2 {[%emt 0:00:08]} 37. Ra2 {[%emt 0:00:14]} Bd5 {[%emt 0:00:15]} 38. Ra5 {
[%emt 0:01:11]} Bh1 {[%emt 0:00:24]} 39. Qg3 {[%emt 0:00:44]} Nf6 {[%emt 0:00:
38]} 40. Rg5 Ne4 0-1

[Event "European Rapid Championship 2021"]
[Site "Katowice"]
[Date "2021.12.18"]
[Round "2.9"]
[White "Kozak, Antoni"]
[Black "Krawczyk, Wojciech"]
[Result "1-0"]
[WhiteElo "2356"]
[BlackElo "1868"]
[Annotator "ChessBase"]
[PlyCount "127"]
[EventDate "2021.12.18"]
[EventType "swiss"]
[EventCountry "POL"]
[SourceTitle "playchess.com"]
[Source "ChessBase"]
[SourceQuality "1"]
[TimeControl "900+10"]

1. d4 {[%emt 0:00:01]} d5 {[%emt 0:00:09]} 2. Bf4 {[%emt 0:00:03]} Nf6 {
[%emt 0:00:05]} 3. e3 {[%emt 0:00:03]} e6 {[%emt 0:00:03]} 4. Nd2 {[%emt 0:00:
39]} c5 {[%emt 0:00:26]} 5. c3 {[%emt 0:00:02]} Nc6 {[%emt 0:00:01]} 6. Ngf3 {
[%emt 0:00:06]} Bd6 {[%emt 0:00:34]} 7. Bg3 {[%emt 0:00:01]} O-O {[%emt 0:00:
07]} 8. Bd3 {[%emt 0:00:03]} Nh5 {[%emt 0:01:30]} 9. Ne5 {[%emt 0:03:41]} g6 {
[%emt 0:02:14]} 10. Nxc6 {[%emt 0:01:29]} bxc6 {[%emt 0:00:01]} 11. Bxd6 {
[%emt 0:00:02]} Qxd6 {[%emt 0:00:02]} 12. Qa4 {[%emt 0:00:49]} c4 {[%emt 0:02:
08]} 13. Be2 {[%emt 0:00:05]} Nf6 {[%emt 0:00:17]} 14. b3 {[%emt 0:00:21]} cxb3
{[%emt 0:00:38]} 15. axb3 {[%emt 0:00:03]} Bd7 {[%emt 0:00:06]} 16. Qa3 {
[%emt 0:02:06]} Qc7 {[%emt 0:01:01]} 17. O-O {[%emt 0:00:29]} a5 {[%emt 0:01:
50]} 18. c4 {[%emt 0:02:12]} Rfb8 {[%emt 0:01:57]} 19. Rfc1 {[%emt 0:00:07]}
Kg7 {[%emt 0:00:10]} 20. cxd5 {[%emt 0:00:10]} exd5 {[%emt 0:02:14]} 21. Rc5 {
[%emt 0:00:06]} Ne8 {[%emt 0:01:15]} 22. Rxa5 {[%emt 0:00:17]} Rxa5 {[%emt 0:
00:01]} 23. Qxa5 {[%emt 0:00:01]} Qxa5 {[%emt 0:00:01]} 24. Rxa5 {[%emt 0:00:
01]} Rb7 {[%emt 0:00:10]} 25. Bd3 {[%emt 0:00:32]} Nd6 {[%emt 0:00:17]} 26. Kf1
{[%emt 0:00:08]} f6 {[%emt 0:00:03]} 27. Ke2 {[%emt 0:00:05]} Kf7 {[%emt 0:00:
10]} 28. Kd1 {[%emt 0:00:02]} Bf5 {[%emt 0:00:19]} 29. Bxf5 {[%emt 0:00:08]}
Nxf5 {[%emt 0:00:02]} 30. Ra6 {[%emt 0:00:13]} Ne7 {[%emt 0:00:08]} 31. Kc2 {
[%emt 0:00:02]} Ke6 {[%emt 0:00:01]} 32. Nf3 {[%emt 0:00:21]} Kd7 {[%emt 0:00:
35]} 33. Ne1 {[%emt 0:00:02]} Nf5 {[%emt 0:00:24]} 34. Nd3 {[%emt 0:00:02]} Rc7
{[%emt 0:00:03]} 35. Nc5+ {[%emt 0:00:03]} Ke7 {[%emt 0:00:04]} 36. Ra8 {
[%emt 0:00:36]} Nh4 {[%emt 0:00:15]} 37. g3 {[%emt 0:00:06]} Nf3 {[%emt 0:00:
04]} 38. h4 {[%emt 0:00:05]} Nh2 {[%emt 0:00:02]} 39. Kd3 {[%emt 0:00:15]} Ng4
{[%emt 0:00:07]} 40. f3 {[%emt 0:00:05]} Nh6 {[%emt 0:00:04]} 41. g4 {[%emt 0:
00:06]} Nf7 {[%emt 0:00:01]} 42. Kc3 {[%emt 0:01:04]} g5 {[%emt 0:01:25]} 43.
h5 {[%emt 0:00:10]} Nh6 {[%emt 0:00:05]} 44. Rh8 {[%emt 0:01:14]} Kd6 {[%emt 0:
00:02]} 45. e4 {[%emt 0:00:45]} Re7 {[%emt 0:00:53]} 46. Kd3 {[%emt 0:00:28]}
Kc7 {[%emt 0:00:03]} 47. Rf8 {[%emt 0:00:40]} Rf7 {[%emt 0:00:39]} 48. exd5 {
[%emt 0:00:04]} cxd5 {[%emt 0:00:03]} 49. Ra8 {[%emt 0:00:11]} Kc6 {[%emt 0:00:
03]} 50. Ra6+ {[%emt 0:00:12]} Kb5 {[%emt 0:00:05]} 51. Rd6 {[%emt 0:00:02]}
Kb4 {[%emt 0:00:22]} 52. Rb6+ {[%emt 0:00:08]} Ka3 {[%emt 0:00:05]} 53. Kc3 {
[%emt 0:00:02]} Ka2 {[%emt 0:00:01]} 54. Kc2 {[%emt 0:00:10]} Ka3 {[%emt 0:00:
02]} 55. Kc3 {[%emt 0:00:27]} Ka2 {[%emt 0:00:02]} 56. b4 {[%emt 0:00:02]} Ng8
{[%emt 0:00:03]} 57. b5 {[%emt 0:00:16]} f5 {[%emt 0:00:03]} 58. Ra6+ {[%emt 0:
00:01]} Kb1 {[%emt 0:00:01]} 59. b6 {[%emt 0:00:01]} fxg4 {[%emt 0:00:03]} 60.
fxg4 {[%emt 0:00:03]} Nf6 {[%emt 0:00:02]} 61. b7 {[%emt 0:00:09]} Rxb7 {
[%emt 0:00:17]} 62. Nxb7 {[%emt 0:00:27]} Nxg4 {[%emt 0:00:03]} 63. Nc5 {
[%emt 0:00:01]} Nf2 {[%emt 0:00:07]} 64. Rh6 {[%emt 0:00:18]} 1-0

[Event "European Rapid Championship 2021"]
[Site "Katowice"]
[Date "2021.12.18"]
[Round "2.9"]
[White "Rudzinska, Michalina"]
[Black "Pultinevicius, Paulius"]
[Result "0-1"]
[WhiteElo "1962"]
[BlackElo "2536"]
[Annotator "TA"]
[PlyCount "82"]
[EventDate "2021.12.18"]
[EventType "swiss"]
[EventCountry "POL"]
[SourceTitle "playchess.com"]
[Source "ChessBase"]
[SourceQuality "1"]

{[%evp 9,82,0,16,-10,-4,-2,0,-10,-11,-15,0,0,0,0,11,0,7,-46,-31,-35,-27,-32,0,
-2,-13,-68,-39,-43,-47,-39,-52,-95,-95,-100,-73,-78,-50,-87,-12,-17,0,-89,-18,
-36,-9,-126,-108,-217,-178,-431,-432,-492,-484,-639,-644,-716,-710,-29982,
-29983,-29983,-29984,-29984,-29985,-29985,-29986,-29983,-938,-4790,-1811,-6498,
-5708,-29997,-29998,-29998,-29999]} 1. Nf3 d5 2. b3 Nf6 3. Bb2 Bf5 4. e3 c6 5.
d3 Nbd7 6. c4 {A06: Réti Opening: 1 Nf3 d5.} e6 7. Nbd2 {[#]} Nc5 $146 ({
Predecessor:} 7... Bd6 8. Be2 h6 9. h3 O-O 10. O-O Nc5 11. Ne1 Rc8 12. f4 Re8
13. Ndf3 Ncd7 {½-½ (56) Marcos,T (1583)-Felix,T (1468) Batumi 2018}) 8. cxd5
{The position is equal.} exd5 9. Qc2 Be7 10. Be2 O-O 11. O-O Bd6 12. b4 (12.
Nd4 $5 {[%cal Rd4f5]} Bd7 13. Rfc1 $11) 12... Ncd7 13. e4 (13. Bc3 $11) 13...
dxe4 14. dxe4 Bg6 15. a3 Re8 {[%cal Rf6e4]} 16. Bd3 Qc7 17. Nc4 {To avoid a5} (
{Better is} 17. Rad1 $11) 17... Nxe4 18. Rad1 Bf8 19. Nh4 Nef6 20. Nf5 (20.
Nxg6 $15 hxg6 21. g3) 20... Nd5 21. g3 N7b6 22. Nxb6 Qxb6 23. Ba1 f6 (23...
Rad8 $17) 24. Bd4 $1 $11 Qd8 $36 {[%mdl 2048] Black has good play.} 25. b5 (25.
Ne3 $11 {keeps the balance.}) 25... Qd7 ({Of course not} 25... Bxa3 $6 26. Nh6+
Kf8 27. Bxg6 hxg6 28. Qxg6 gxh6 29. Qxh6+ Kg8 30. Qg6+ Kf8 31. Qh6+ Kg8 32.
Qg6+ Kf8 33. Qh6+ $11) ({Black should try} 25... cxb5 $17 {Threatening ...a6.}
26. Bxb5 Qc8) 26. bxc6 bxc6 27. Rd2 (27. Ne3 $11) 27... Bxa3 $17 28. h4 (28.
Ne3 $17 {was necessary.}) 28... Bf8 29. Rfd1 $2 (29. Ne3) 29... Bb4 $19 30. g4
Bxd2 31. Rxd2 Re1+ 32. Kh2 Rae8 {[#] Threatens to win with ...Bxf5.} 33. h5
Bxf5 34. Bxf5 Qc7+ 35. Kg2 Nf4+ 36. Kf3 Rh1 {[%cal Rh1h3]} 37. g5 fxg5 (37...
Nh3 $142 38. Qb3+ Kh8 39. Qe3 Rxe3+ 40. Bxe3 Ng1+ 41. Kg2 Qh2+ 42. Kf1 Nf3+ 43.
Ke2 Nxd2 44. Kxd2 Qd6+ 45. Kc2 Qb4 46. h6 Qb1+ 47. Kc3 Qxf5 48. Kd2 Qd5+ 49.
Kc2 Rd1 50. Bc1 Rd3 51. Kb1 Qb3+ 52. Ka1 Rd1 53. hxg7+ Kg8 54. gxf6 Rxc1#) 38.
Bxh7+ Kh8 {[#] ( -> ...Rh3+)} 39. Bf5 {Prevents Rh3+.} Qf7 40. Kg3 Rg1+ 41. Kf3
Qxh5+ {Weighted Error Value: White=0.79/Black=0.35} 0-1